La vida (Record no. 39560)

MARC details
000 -LEADER
campo de control de longitud fija 00541nam a2200169 i 4500
001 - NÚMERO DE CONTROL
campo de control 39560
003 - IDENTIFICADOR DE NÚMERO DE CONTROL
campo de control ES-MaACL
005 - FECHA Y HORA DE LA ÚLTIMA TRANSACCIÓN
campo de control 20230906160028.0
007 - CAMPO FIJO DE DESCRIPCIÓN FÍSICA--INFORMACIÓN GENERAL
campo de control de longitud fija t|
008 - DATOS DE LONGITUD FIJA--INFORMACIÓN GENERAL
campo de control de longitud fija 030303s1935 sp ||||1| spa d
100 1# - ENTRADA PRINCIPAL--NOMBRE DE PERSONA
Nombre de persona Canalejas Fustegueras, Leonor.
9 (RLIN) 34384
245 13 - MENCIÓN DEL TÍTULO
Título La vida
Resto del título : (historia novelada) /
Mención de responsabilidad, etc. Leonor Canalejas y Fustegueras ; con un prólogo de Alfredo Pallardó.
260 ## - PUBLICACIÓN, DISTRIBUCIÓN, ETC.
Lugar de publicación, distribución, etc. Barcelona :
Nombre del editor, distribuidor, etc. [s.n.,
Fecha de publicación, distribución, etc. 1935] (
Fabricante Tip. Emporium)
300 ## - DESCRIPCIÓN FÍSICA
Extensión 200 p. ;
Dimensiones 19 cm.
700 1# - ENTRADA AGREGADA--NOMBRE PERSONAL
Nombre de persona Pallardó, Alfredo.
9 (RLIN) 88567
852 ## - LOCALIZACIÓN
Ubicación ES-MaACL
Número de control de estantería A-4389
Holdings
Estatus retirado Estado de pérdida Estado de daño No para préstamo Biblioteca de origen Biblioteca actual Ubicación en estantería Fecha de adquisición Fuente de adquisición Total de préstamos Signatura topográfica completa Código de barras Visto por última vez Precio de reemplazo Tipo de ítem Koha
        Biblioteca del Ateneo de Madrid Biblioteca del Ateneo de Madrid Sala Pecera Planta 1 17/01/2008     A-4389 1041660 23/02/2023 23/02/2023 Libro impreso